| 000 | 00545nam a22002057a 4500 | ||
|---|---|---|---|
| 003 | OSt | ||
| 005 | 20140310182021.0 | ||
| 008 | 130731t xxu||||| |||| 00| 0 eng d | ||
| 020 | _a9789715847650 | ||
| 050 |
_aDS 675.8 _b.R627 2008 |
||
| 082 |
_aFIL 899.2103 _bC84 2008 |
||
| 100 | _aRizal, Jose | ||
| 245 |
_aNoli Me Tangere / _cJose P. Rizal. |
||
| 260 |
_aQuezon City, Philippines : _bC&E, _cc2008. |
||
| 300 |
_a545 p. : _bill. ; _c25 cm. |
||
| 562 | _e1 | ||
| 650 |
_aLiterature _xPhilippines |
||
| 942 |
_2lcc _cBK |
||
| 999 |
_c8363 _d8363 |
||